| Tag |
First Indicator |
Second Indicator |
Subfields |
| LEADER |
00000cam a2200000 a 4500 |
| 001 |
in00000528607 |
| 005 |
20151013173631.0 |
| 008 |
730910s1968 pe 00010 spa d |
| 035 |
|
|
|a (OCoLC)00687227
|
| 035 |
|
|
|9 ACH4136AM
|
| 040 |
|
|
|c OSU
|d m.c.
|d TXA
|d UtOrBLW
|
| 049 |
|
|
|a TXAM
|c [445121]
|
| 090 |
|
|
|a HA1064
|b .E88 v.2, no.1
|
| 100 |
1 |
|
|a Martínez, Héctor.
|
| 245 |
1 |
4 |
|a Las migraciones internas en el Peru /
|c Hector Martinez.
|
| 264 |
|
1 |
|a [Lima] :
|b Centro de Estudios de Poblacion y Desarrollo,
|c [1968]
|
| 300 |
|
|
|a 15 pages ;
|c 29 cm.
|
| 336 |
|
|
|a text
|b txt
|2 rdacontent
|
| 337 |
|
|
|a unmediated
|b n
|2 rdamedia
|
| 338 |
|
|
|a volume
|b nc
|2 rdacarrier
|
| 490 |
1 |
|
|a Estudios de poblacion y desarrollo ;
|v v. 2, no. 1 : Serie original no. 3
|
| 500 |
|
|
|a Cover title.
|
| 504 |
|
|
|a Bibliography: pages 14-15.
|
| 650 |
|
0 |
|a Migration, Internal
|z Peru.
|
| 710 |
2 |
|
|a Centro de Estudios de Población y Desarrollo (Peru)
|
| 830 |
|
0 |
|a Estudios de población y desarrollo ;
|v v. 2, no. 1.
|
| 999 |
|
|
|a MARS
|
| 999 |
f |
f |
|s 4106a166-f05f-37d3-84d6-e94eb47e0ad7
|i bd9a9433-b5c7-3f38-96e4-545f294e774d
|t 0
|
| 952 |
f |
f |
|p normal
|a Texas A&M University
|b College Station
|c Sterling C. Evans Library
|d Evans: Library Stacks
|t 0
|e HA1064 .E88 v.2, no.1
|h Library of Congress classification
|i unmediated -- volume
|m A14807429498
|
| 998 |
f |
f |
|a HA1064 .E88 v.2, no.1
|t 0
|l Evans: Library Stacks
|